German 1000 most common words - Statistics

General Stats
  • This quiz has been taken 181 times
  • The average score is 307 of 1000
Answer Stats
Hint ANSWER % Correct
427 'n
95%
61 da
91%
140 Da
91%
6 du
88%
18 Du
88%
5 Sie
88%
13 sie
88%
1 Ich
87%
3 ich
87%
15 ein
86%
113 Ein
86%
27 er
86%
44 Er
86%
8 die
83%
51 Die
83%
11 der
81%
82 Der
81%
327 'ne
81%
7 das
79%
14 Das
79%
40 Ja
79%
84 ja
79%
9 es
78%
29 Es
78%
22 den
77%
473 Den
77%
45 bin
76%
750 Bin
76%
429 Dr
76%
174 Na
76%
16 in
75%
156 In
75%
12 zu
75%
628 Zu
75%
25 auf
74%
264 Auf
74%
346 drei
74%
46 wie
74%
70 Wie
74%
129 Wo
74%
161 wo
74%
192 bis
73%
490 Bis
73%
216 zwei
73%
723 Zwei
73%
60 ihr
72%
149 Ihr
72%
33 so
72%
147 So
72%
17 wir
72%
31 Wir
72%
76 gut
71%
184 Gut
71%
2 ist
71%
112 Ist
71%
89 mein
71%
179 Mein
71%
83 nach
71%
584 Nach
71%
350 sei
71%
606 Sei
71%
400 wahr
71%
37 war
71%
570 War
71%
100 hab
70%
633 Hab
70%
771 Hund
70%
10 und
70%
32 Und
70%
21 Was
70%
24 was
70%
207 ab
69%
715 fünf
69%
43 habe
69%
397 He
69%
258 Ach
68%
362 Geh
68%
554 geh
68%
77 meine
67%
233 Meine
67%
72 bist
66%
294 Bist
66%
97 man
66%
275 Man
66%
732 vier
66%
42 an
64%
702 An
64%
20 mit
64%
296 Mit
64%
960 sechs
64%
206 Tag
64%
153 Wer
64%
274 wer
64%
62 aus
63%
753 Aus
63%
28 eine
63%
195 Eine
63%
522 essen
63%
542 Essen
63%
54 Nein
63%
210 nein
63%
4 nicht
63%
163 Nicht
63%
145 viel
63%
853 Viel
63%
170 dein
62%
424 Dein
62%
38 haben
62%
319 Haben
62%
59 sein
62%
837 Sein
62%
158 Frau
61%
428 Hi
61%
322 liebe
61%
443 Liebe
61%
36 dich
60%
364 Dich
60%
864 groß
60%
438 sehe
60%
30 hat
59%
377 Hat
59%
589 je
59%
137 deine
58%
426 Deine
58%
432 gehe
58%
49 uns
58%
116 gehen
57%
541 Gehen
57%
299 Haus
57%
338 Mach
57%
454 mach
57%
55 dem
56%
23 mich
56%
494 all
55%
73 im
55%
460 Im
55%
379 Kind
55%
152 Komm
55%
342 komm
55%
103 Mann
55%
19 mir
55%
374 Mir
55%
117 sehen
55%
679 Sehen
55%
34 sind
55%
365 Sind
55%
121 über
55%
48 dir
54%
434 Dir
54%
423 gute
54%
518 Gute
54%
222 Mutter
54%
86 oder
54%
354 Oder
54%
99 bei
53%
520 Bei
53%
53 einen
53%
548 Einen
53%
39 für
53%
315 Für
53%
58 hast
53%
183 Hast
53%
267 hin
53%
435 mache
53%
79 weiß
53%
634 weiss
53%
416 Dank
52%
433 komme
52%
127 nie
52%
953 zehn
52%
64 aber
51%
65 Aber
51%
119 geht
51%
630 Geht
51%
475 Guten
51%
762 guten
51%
151 kein
51%
478 Kein
51%
101 machen
51%
860 Machen
51%
345 Morgen
51%
372 morgen
51%
102 vor
51%
718 Vor
51%
114 Warum
51%
270 warum
51%
120 alle
50%
401 Alle
50%
71 als
50%
282 Als
50%
150 am
50%
811 Am
50%
136 Danke
50%
458 danke
50%
383 Junge
50%
240 meiner
50%
259 Nacht
50%
69 um
50%
476 Um
50%
313 unter
50%
200 Vater
50%
297 viele
50%
131 Zeit
50%
107 zum
50%
768 Zum
50%
182 zur
50%
430 Auto
49%
237 her
49%
221 ihre
49%
326 Ihre
49%
550 Jahr
49%
807 lieben
49%
776 trinken
49%
88 will
49%
63 kann
48%
376 Kann
48%
168 meinen
48%
66 schon
48%
269 schön
48%
497 Schon
48%
664 Schön
48%
245 meinem
47%
35 von
47%
436 Von
47%
87 dann
46%
146 Dann
46%
394 deiner
46%
188 Hallo
46%
312 Kinder
46%
508 lang
46%
198 seine
46%
841 Seine
46%
98 wieder
46%
706 alt
45%
314 Arbeit
45%
126 des
45%
115 einer
45%
619 eins
45%
972 Eins
45%
769 gebe
45%
91 keine
45%
231 Keine
45%
172 kommen
45%
582 Kommen
45%
159 Leben
45%
474 leben
45%
190 macht
45%
506 Macht
45%
94 muss
45%
645 muß
45%
47 noch
45%
469 Noch
45%
525 Schwester
45%
561 Spiel
45%
351 unser
45%
944 Unser
45%
526 Wasser
45%
67 wenn
45%
80 Wenn
45%
339 Bruder
44%
108 können
44%
625 Können
44%
330 Sag
44%
571 sag
44%
287 geben
43%
988 Geben
43%
328 gegen
43%
862 jede
43%
386 Stadt
43%
612 Wann
43%
758 wann
43%
93 alles
42%
204 Alles
42%
898 dies
42%
951 Dies
42%
105 einem
42%
141 hatte
42%
185 hätte
42%
56 ihn
42%
523 kleine
42%
236 ob
42%
373 sprechen
42%
335 Abend
41%
278 deinen
41%
111 denn
41%
722 Denn
41%
353 habt
41%
926 Habt
41%
446 ihren
41%
906 Ihren
41%
509 Land
41%
175 wollen
41%
749 Wollen
41%
514 arbeiten
40%
208 Geld
40%
349 mag
40%
122 müssen
40%
431 sage
40%
369 seid
40%
487 seiner
40%
144 bitte
39%
196 Bitte
39%
833 Buch
39%
26 dass
39%
226 daß
39%
739 Dass
39%
395 deinem
39%
123 diese
39%
307 Diese
39%
75 doch
39%
410 Doch
39%
125 euch
39%
503 Euch
39%
539 fahren
39%
455 Gib
39%
601 große
39%
499 Hand
39%
289 Hör
39%
703 hör
39%
994 höre
39%
444 jeden
39%
171 kommt
39%
547 Kommt
39%
130 los
39%
243 Los
39%
265 Mädchen
39%
227 möchte
39%
85 Oh
39%
109 sagen
39%
713 Sagen
39%
588 Schule
39%
529 seinem
39%
50 sich
39%
527 spielen
39%
250 unsere
39%
869 Unsere
39%
709 Vielen
39%
929 vielen
39%
197 weg
39%
251 Weg
39%
186 weil
39%
311 Weil
39%
57 auch
38%
676 Auch
38%
257 denke
38%
366 erst
38%
167 heute
38%
647 Heute
38%
95 immer
38%
834 laufen
38%
600 schlecht
38%
118 sehr
38%
498 Sehr
38%
380 seinen
38%
139 soll
38%
651 Soll
38%
160 wäre
38%
580 kurz
37%
74 mal
37%
255 Mal
37%
90 mehr
37%
52 nur
37%
253 Nur
37%
110 werde
37%
917 Wohin
37%
904 Zeug
37%
291 Freund
36%
133 gibt
36%
41 hier
36%
142 Hier
36%
214 keinen
36%
728 lernen
36%
610 Tage
36%
780 alte
35%
337 Jahre
35%
166 kannst
35%
626 Kannst
35%
876 könnt
35%
262 sagt
35%
437 Uhr
35%
217 diesen
34%
716 frei
34%
205 glaube
34%
283 Hause
34%
341 hören
34%
775 Hören
34%
696 ihrem
34%
266 ins
34%
637 kommst
34%
359 Kopf
34%
238 musst
34%
390 Recht
34%
681 recht
34%
344 seit
34%
786 Seit
34%
885 Straße
34%
106 tun
34%
81 werden
34%
173 willst
34%
358 Willst
34%
595 Woche
34%
334 brauche
33%
468 denken
33%
318 Herr
33%
78 jetzt
33%
178 Jetzt
33%
907 kaufen
33%
736 keiner
33%
586 Mama
33%
234 paar
33%
301 sollen
33%
515 spät
33%
621 Woher
33%
793 Bleib
32%
333 eines
32%
646 gehst
32%
209 gemacht
32%
391 glauben
32%
670 ihrer
32%
471 Sieh
32%
465 Tür
32%
453 weit
32%
415 Augen
31%
648 denkst
31%
244 diesem
31%
635 erste
31%
536 Frage
31%
799 großen
31%
608 hoch
31%
104 ihm
31%
838 krank
31%
246 lange
31%
727 Papa
31%
191 waren
31%
697 wären
31%
143 wissen
31%
623 Wissen
31%
668 allen
30%
363 Baby
30%
169 dieser
30%
501 Dieser
30%
132 Ihnen
30%
242 ihnen
30%
290 machst
30%
778 meines
30%
461 Name
30%
553 neue
30%
276 ohne
30%
863 Ohne
30%
292 richtig
30%
830 Richtig
30%
286 zusammen
30%
402 allein
29%
303 andere
29%
309 bleiben
29%
310 brauchen
29%
573 fragen
29%
724 Fragen
29%
442 gern
29%
447 Halt
29%
877 hält
29%
979 halt
29%
524 jeder
29%
756 Jeder
29%
867 Jungen
29%
370 kam
29%
798 kleiner
29%
958 manchmal
29%
654 nehme
29%
572 sagst
29%
712 schlafen
29%
331 schnell
29%
936 Schnell
29%
871 Tagen
29%
187 tut
29%
295 Tut
29%
263 Welt
29%
68 wird
29%
804 Wochen
29%
902 wollt
29%
618 Wort
29%
607 Zimmer
29%
128 Also
28%
181 also
28%
751 Alter
28%
688 eure
28%
952 Eure
28%
710 falsch
28%
638 Freundin
28%
774 früh
28%
177 ganz
28%
540 Ganz
28%
261 gar
28%
421 Glück
28%
336 hatten
28%
512 hätten
28%
496 hinter
28%
272 Leid
28%
279 leid
28%
472 lieber
28%
642 niemals
28%
413 später
28%
516 stehen
28%
858 unserem
28%
711 unseren
28%
193 Vielleicht
28%
220 vielleicht
28%
965 war's
28%
564 finde
27%
148 gesagt
27%
729 gestern
27%
632 kleinen
27%
639 Mensch
27%
657 oft
27%
343 Sohn
27%
546 Tochter
27%
802 Wahl
27%
392 Warte
27%
598 warte
27%
441 Art
26%
355 einmal
26%
521 etwa
26%
974 heißen
26%
356 heißt
26%
165 Leute
26%
212 sollte
26%
855 welche
26%
943 Welche
26%
138 würde
26%
155 wurde
26%
759 alten
25%
827 denkt
25%
417 Freunde
25%
378 Jahren
25%
176 sicher
25%
787 Sicher
25%
298 sieht
25%
818 Sieht
25%
320 wegen
25%
534 wenig
25%
224 anderen
24%
235 besser
24%
983 bringe
24%
281 dort
24%
92 etwas
24%
884 Etwas
24%
448 Fall
24%
502 Frauen
24%
843 fühle
24%
273 gleich
24%
767 hört
24%
788 Hört
24%
900 Kaffee
24%
194 könnte
24%
352 konnte
24%
247 Lass
24%
510 lass
24%
846 leicht
24%
463 Musik
24%
371 nehmen
24%
991 rede
24%
587 schwer
24%
835 spielt
24%
389 warst
24%
971 wärst
24%
420 warten
24%
230 weißt
24%
329 Weißt
24%
605 Ah
23%
810 äh
23%
866 Äh
23%
556 anders
23%
422 beide
23%
854 beste
23%
683 Bett
23%
451 bisschen
23%
412 gab
23%
839 gegangen
23%
321 geht's
23%
861 glaubst
23%
256 jemand
23%
782 Jemand
23%
848 langsam
23%
913 Mund
23%
560 musste
23%
644 Nimm
23%
223 reden
23%
154 zurück
23%
407 bekommen
22%
949 Bild
22%
551 braucht
22%
325 bringen
22%
500 darf
22%
747 Darf
22%
248 dieses
22%
754 Dieses
22%
783 dürfen
22%
576 ersten
22%
254 finden
22%
957 länger
22%
691 neuen
22%
655 Schau
22%
557 siehst
22%
797 Siehst
22%
300 tot
22%
134 wirklich
22%
406 Wirklich
22%
157 wollte
22%
659 anderes
21%
694 guter
21%
852 Krankenhaus
21%
636 läuft
21%
821 Licht
21%
820 lustig
21%
408 Männer
21%
627 nett
21%
96 nichts
21%
405 Nichts
21%
895 Onkel
21%
707 Platz
21%
875 spricht
21%
489 toll
21%
271 weiter
21%
937 wem
21%
899 weniger
21%
894 Wiedersehen
21%
640 beiden
20%
785 Erde
20%
563 gerne
20%
704 glücklich
20%
164 Gott
20%
667 hättest
20%
865 hattest
20%
931 lasse
20%
288 Ok
20%
357 OK
20%
517 ok
20%
921 Seht
20%
740 Stunde
20%
609 unserer
20%
792 voll
20%
620 zwischen
20%
808 allem
19%
777 besten
19%
396 Ende
19%
260 genau
19%
381 Genau
19%
649 Herz
19%
889 kleines
19%
199 lassen
19%
684 Lassen
19%
277 Menschen
19%
872 nächste
19%
232 raus
19%
1000 Raus
19%
268 vom
19%
795 weh
19%
464 würden
19%
484 wurden
19%
934 außer
18%
737 brauchst
18%
744 Deshalb
18%
977 deshalb
18%
641 Ding
18%
215 durch
18%
124 einfach
18%
685 Eltern
18%
361 Familie
18%
836 früher
18%
419 halten
18%
485 kenne
18%
425 kennen
18%
445 könnten
18%
998 konnten
18%
690 Krieg
18%
781 Luft
18%
403 Natürlich
18%
599 natürlich
18%
672 Nummer
18%
842 Pass
18%
316 Problem
18%
897 sitzen
18%
962 sollst
18%
284 sollten
18%
903 tragen
18%
593 treffen
18%
662 Wagen
18%
665 wichtig
18%
398 Dinge
17%
450 Film
17%
229 gehört
17%
201 gesehen
17%
911 hasse
17%
241 klar
17%
692 Klar
17%
882 könntest
17%
399 Namen
17%
531 sah
17%
280 Wieso
17%
831 wieso
17%
492 bald
16%
324 dabei
16%
507 draußen
16%
552 fast
16%
302 ganze
16%
519 gekommen
16%
203 gerade
16%
360 Hilfe
16%
585 oben
16%
888 redest
16%
479 stimmt
16%
734 Stimmt
16%
806 Stück
16%
721 alleine
15%
857 Arzt
15%
387 beim
15%
675 bleibt
15%
513 egal
15%
596 Entschuldigung
15%
323 genug
15%
968 gesprochen
15%
549 ging
15%
773 hab's
15%
249 helfen
15%
844 Himmel
15%
617 lässt
15%
700 Lasst
15%
567 Ort
15%
467 solltest
15%
613 suchen
15%
997 werdet
15%
928 Willkommen
15%
616 wollten
15%
682 bringt
14%
459 drin
14%
604 hoffe
14%
918 machte
14%
982 meisten
14%
772 nochmal
14%
202 Nun
14%
332 nun
14%
189 Okay
14%
305 okay
14%
239 Ordnung
14%
919 Party
14%
912 Person
14%
348 Scheiße
14%
388 sterben
14%
457 verstehe
14%
849 wolltest
14%
851 zuerst
14%
916 Boden
13%
801 Büro
13%
748 Feuer
13%
462 ganzen
13%
591 Gesicht
13%
677 Hände
13%
930 hart
13%
482 Job
13%
887 König
13%
890 lebt
13%
481 letzte
13%
689 Plan
13%
558 Polizei
13%
306 rein
13%
533 Seite
13%
761 sondern
13%
583 Spaß
13%
347 steht
13%
978 Stelle
13%
986 Stimme
13%
956 Traum
13%
905 trotzdem
13%
673 würdest
13%
414 wusste
13%
938 ehrlich
12%
845 froh
12%
975 Liebling
12%
784 Meister
12%
384 Minuten
12%
940 Sex
12%
211 Sir
12%
950 stark
12%
559 Stunden
12%
964 Tages
12%
746 Telefon
12%
999 wartet
12%
942 ziehen
12%
555 ziemlich
12%
829 drüben
11%
544 echt
11%
701 gegeben
11%
742 Hölle
11%
896 kennst
11%
629 kriegen
11%
594 niemand
11%
660 Niemand
11%
661 unten
11%
409 vergessen
11%
603 verstehen
11%
486 Ahnung
10%
449 Dad
10%
162 damit
10%
805 Damit
10%
671 gedacht
10%
825 Gefühl
10%
562 gewesen
10%
924 kennt
10%
893 Millionen
10%
868 Rest
10%
813 tue
10%
708 darum
9%
590 eben
9%
719 fest
9%
910 Kampf
9%
832 Leuten
9%
725 möglich
9%
440 sonst
9%
995 Sonst
9%
404 töten
9%
228 wirst
9%
789 Zukunft
9%
293 Angst
8%
959 anrufen
8%
385 bevor
8%
225 dachte
8%
317 dafür
8%
477 darauf
8%
393 darüber
8%
901 ernst
8%
367 fertig
8%
920 gefragt
8%
368 gefunden
8%
856 genommen
8%
528 Geschichte
8%
488 Grund
8%
135 Hey
8%
656 holen
8%
504 Idee
8%
790 kaum
8%
532 Mom
8%
543 Ruhe
8%
535 ruhig
8%
340 Sache
8%
213 sagte
8%
375 sofort
8%
575 sogar
8%
796 stellen
8%
878 Team
8%
611 Teil
8%
932 total
8%
826 völlig
8%
456 vorbei
8%
695 während
8%
219 wohl
8%
411 dazu
7%
643 endlich
7%
674 erzählen
7%
992 führen
7%
812 geschafft
7%
418 Jungs
7%
537 meinst
7%
765 New
7%
819 passieren
7%
218 passiert
7%
577 Sachen
7%
566 Tod
7%
909 ändern
6%
493 bereit
6%
973 damals
6%
285 davon
6%
452 eigentlich
6%
989 Entschuldige
6%
824 Folge
6%
686 gefällt
6%
304 getan
6%
880 kämpfen
6%
530 liegt
6%
669 Miss
6%
886 Mist
6%
180 Mr
6%
714 nächsten
6%
794 reicht
6%
252 selbst
6%
757 verstanden
6%
879 Verstanden
6%
592 bestimmt
5%
816 Boss
5%
814 gefallen
5%
996 Geschäft
5%
809 getroffen
5%
745 geworden
5%
922 irgendwo
5%
308 Moment
5%
779 schaffen
5%
981 solche
5%
652 tust
5%
511 Typ
5%
817 überall
5%
990 Vergiss
5%
483 verloren
5%
955 vorstellen
5%
615 zeigen
5%
945 Augenblick
4%
678 Blut
4%
382 daran
4%
470 dran
4%
743 einige
4%
822 gebracht
4%
726 irgendwie
4%
495 jemanden
4%
948 Klasse
4%
766 Körper
4%
927 Nachricht
4%
622 Schatz
4%
699 scheint
4%
687 Schuld
4%
717 Sorge
4%
597 Sorgen
4%
984 still
4%
738 Typen
4%
870 versuche
4%
624 versuchen
4%
663 Yeah
4%
631 Arsch
3%
961 Arschloch
3%
720 bereits
3%
568 Chance
3%
581 denen
3%
847 direkt
3%
874 Doktor
3%
565 erzählt
3%
840 fand
3%
698 Fehler
3%
987 General
3%
963 gestorben
3%
760 gibt's
3%
881 heiraten
3%
969 heraus
3%
733 irgendwas
3%
967 Kraft
3%
770 Kumpel
3%
574 letzten
3%
908 Liste
3%
735 Menge
3%
915 Präsident
3%
505 runter
3%
731 Schiff
3%
828 Schlüssel
3%
935 Sicherheit
3%
954 Sinn
3%
815 Tja
3%
538 überhaupt
3%
914 umbringen
3%
545 versucht
3%
650 Waffe
3%
800 Waffen
3%
578 Wahrheit
3%
976 wahrscheinlich
3%
892 worden
3%
883 Wow
3%
763 zwar
3%
680 bloß
2%
658 drauf
2%
764 eigenen
2%
850 erinnern
2%
891 erklären
2%
970 genauso
2%
602 getötet
2%
666 Mrs
2%
823 nennen
2%
755 Probleme
2%
941 sagten
2%
491 Verdammt
2%
705 verdammt
2%
803 verlieren
2%
466 verrückt
2%
569 bedeutet
1%
993 Bewegung
1%
653 Dollar
1%
873 Entschuldigen
1%
933 Gefängnis
1%
730 hierher
1%
923 kümmern
1%
693 retten
1%
614 verlassen
1%
925 verletzt
1%
946 angerufen
0%
947 aufhören
0%
752 Captain
0%
579 einzige
0%
980 erwartet
0%
791 funktioniert
0%
859 Idiot
0%
939 interessiert
0%
480 Kerl
0%
741 Szene
0%
439 Teufel
0%
985 umgebracht
0%
966 verschwinden
0%
No matching quizzes found
Score Distribution
Percent of People with Each Score
Percentile by Number Answered
Your Score History
You have not taken this quiz